01422nam a2200361 i 450000100060000000300100000600500170001600700030003300800410003602000180007704000350009504100080013008200200013808200160015810000360017424501030021025000220031326400580033530000770039333600270047033700330049733800280053049000100055850000330056850001020060152100610070360000460076465000570081065000580086765000680092570000300099370000370102357243CO-BoRNBP20250606155746.0ta210921r20082010sp a br 000 0bspa d a9788434232846 aCO-BoRNBPbspaerdacCO-BoRNBP0 aspa04a925.2bG14p22204a925.2aP41g1 aPla i Sánchez, Albertoeautor10aYo Galileo GalileicAlberto Pla ; editado por Cristina Vilella ; ilustrado por Pablo Prestifilippo aPrimera edición 1aBarcelona, EspañabParramón Edicionesc2008c2010 a63 páginasbilustraciones, fotografías a colorc27 cme1 Desplegable atextobtxt2rdacontent asin mediaciónbn2rdamedia avolumenbnc2rdacarrier0 aYo... aIncluye indicador de lectura aEl material correspondiente a la dotación PNLB 2022, corresponde a la primera edición de 2008 aRecomendado para un público infantil mayor de 9 años14aGalilei, Galileod1564-1642vBiografías04aAstronomía para niñosxLiteratura infantil2LEMB04aAstronomíaxLiteratura infantilvBiografías2LEMB04aAstronomíaxHistoriaxLiteratura infantilvBiografías2LEMB1 aVilella, Cristinaeeditor1 aPrestifilippo, Pabloeilustrador